000 01552nam a22003857a 4500
001 BRCA_9262
003 FranzMayer
005 20230717132318.0
008 230714b |||||||| |||| 00| 0 eng d
020 _aEn trámite
040 _aMFM
_besp
_cMFM
041 _aesp
050 0 _aPQ601
_bC53 2018
110 1 _4Editorial
_aUniversidad del Claustro de Sor Juana
_bEstudios de Cultura Virreinal
_928800
240 1 _aProlija memoria Nov 2018
_lesp
245 0 _aProlija memoria Nov. 2018
260 _aCDMX, México
_bUniversidad del Claustro de Sor Juana
_c2018
300 _a153 p
_c23.5 cm
500 _aL60/N5
505 0 _aDestinado a: Historiadores, investigadores, literatos, filólogos, sociólogosTexto en: españolIncluye índice (temático)
610 1 _2Colaborador
_aUNAM
_bFacultad de filosofía y letras
_928801
650 1 _2Literatura
_aLiteratura española
_vNueva España
_928802
651 2 _2Nueva España
_aVirreinal
_vLiteratura
_xEnsayos
_928803
700 1 _4Dir.
_aBravo Arriaga, María Dolores
_928804
700 1 _4Col.
_aRíos Espinosa, María Cristina
_928805
700 1 _4Col.
_aRomero Alaniz, Fermín
_928806
700 1 _4Col.
_aLópez Romero, David
_928807
700 1 _4Col.
_aAgis Juárez, RaúlAzael
_928808
700 1 _4Col.
_aGuzman Olea, Eduardo
_928809
700 1 _4Col.
_aCruz Lazcano, Victor
_928810
700 1 _4Col
_aVera García, Rey Fernando
_928811
700 1 _4Col.
_aTorres Riosco, Arturo
_928812
710 1 _4Editorial col.
_aUNAM
_bFacultad de filosofía y letras
_928813
942 _2lcc
_cH
999 _c10881
_d10881